=LDR 00000nam 2200000 4500 =001 INLIS000000000003873 =005 20250605030512 =035 ##$$a 0010-0625000078 =007 ta =008 250605################g##########0#ind## =082 ##$$a 378.2 =084 ##$$a 378.2 FAJ k =100 #$$a Fajar Firdawati =245 1#$$a Kertas Kerja Perseorangan (KKP) Rencana Kerja Optimalisasi Pelaksanaan Evaluasi Program KB Pascapersalinan dan Pascakeguguran di Rumah Sakit Pada Seksi Evaluasi Subdit Perumusan Pola Dan Evaluasi Direktorat Kelangsungan Hidup Ibu, Bayi Dan Anak /$c dr. FAJAR FIRDAWATI =260 ##$$a Jakarta :$b BKKBN,$c 2010 =300 ##$$a vi, 53 hlm : $b ilus ; $c 29 cm =650 #4$$a Program KB =504 ##$$a Bibliografi : halaman 52-53